LDR 01100naa#a2200181#i#450# 001 RU\\bibl\121279 005 20260501232140.5 011 ## _a1994-4683 100 ## _a20230803b2023####ek#y0rusy0150####ca 102 ## _aRU 200 1# _aПРОФЕССИОНАЛЬНЫЙ ИМИДЖ ТРЕНЕРА КАК ФАКТОР КАЧЕСТВА УЧЕБНО-ТРЕНИРОВОЧНОГО ПРОЦЕССА ЮНЫХ СПОРТСМЕНОВ _eЖурнальная статья 210 1# _aМосква _cНациональный государственный Университет физической культуры, спорта и здоровья им. П.Ф. Лесгафта _d2023 215 ## _a6 с. 608 ## _aЖурнальная статья _2local 675 ## _aПрофессиональные спортивные кадры. Профессиональные учителя физкультуры, инструкторы, тренеры, спортивные руководители. 796.071.4 _z 700 #1 _aЗагородникова _gА Ю 700 #1 _aСтепанова _gО Н 856 4# _auchzapiski.lesgaft.spb.ru _u